Missing Word: #1 Hits of 1963 Quiz Stats

 Plays Quiz Updated Feb 7, 2018

Challenge
Share
Tweet
Embed
Score 0/14 Timer 03:00
1 Play Today
Song Missing Word % Correct
Our Day Will _____Come
96.5%
_____ VelvetBlue
93.5%
It's ___ PartyMy
92.5%
My Boyfriend's _____Back
87.2%
Walk Like a _____Man
86.5%
He's So _____Fine
86.5%
Go Away _____ GirlLittle
85.7%
Song Missing Word % Correct
I Will Follow ____Him
83%
I'm _____ It Up to YouLeaving
80.7%
Walk _____ InRight
79.5%
_____ Said Than DoneEasier
75.5%
Surf _____City
68%
So _____ in LoveMuch
65.3%
_____ ShackSugar
47.5%

Today's Daily Dose

You're not logged in!

Compare scores with friends on all Sporcle quizzes.
Join for Free
OR
Log In

You Might Also Like...

Show Comments

Extras

Top Quizzes Today


Score Distribution

Your Account Isn't Verified!

In order to create a playlist on Sporcle, you need to verify the email address you used during registration. Go to your Sporcle Settings to finish the process.

Report this User

Report this user for behavior that violates our Community Guidelines.

Details: